000
00279nam a2200109Ia 4500
008
190906s9999||||xx |||||||||||||| ||und||
100
_a
Triebel, Singh
245
4
_a
The 8088 and 8086 Microprocessors
260
_a
New Delhi
_b
Tata McGraw Hill
_c
2007
300
_a
843
942
_c
BK
999
_c
6000
_d
6000